| 000 | 01788nam a2200241Ia 4500 | ||
|---|---|---|---|
| 008 | 260220t2000||||xx |||||||||||||| ||spa|| | ||
| 040 |
_aPY-SlUNAC _bspa _erda |
||
| 041 | _aspa | ||
| 082 |
_a618 _bR876s |
||
| 100 |
_aRuoti, Antonio _eAutor |
||
| 245 | 0 |
_aSalud reproductiva, obstetricia y perinatología / _cpor Antonio Ruoti [Autor] |
|
| 264 |
_aAsunción : _bEditorial EFACIM, _c℗2000. |
||
| 300 | _a1 volumen | ||
| 520 | _aEl libro "Salud reproductiva, obstetricia y perinatología" de Antonio Ruoti ofrece un análisis exhaustivo sobre la salud reproductiva desde una perspectiva integral, abarcando aspectos médicos, sociales y éticos que intervienen en el bienestar de las mujeres y neonatos. A lo largo de sus capítulos, el autor discute temas fundamentales como la planificación familiar, el embarazo, el parto y el puerperio, destacando la importancia de la atención prenatal y postnatal. Ruoti enfatiza la necesidad de un enfoque multidisciplinario en la atención obstétrica y perinatal, considerando no solo los factores biológicos, sino también los determinantes sociales que afectan la salud reproductiva. El texto también aborda las complicaciones comunes en el embarazo y el parto, así como estrategias para la prevención y el manejo de estas situaciones. En conjunto, el libro es una valiosa contribución al campo de la salud pública y la medicina, proporcionando herramientas y conocimientos esenciales para profesionales de la salud que trabajan en el ámbito reproductivo y perinatal. | ||
| 653 | _aObstetricia | ||
| 653 | _aPerinatología | ||
| 653 | _aSalud reproductiva | ||
| 942 |
_b2026/02/17 _cBK |
||
| 999 |
_c8520 _d8520 |
||